[Event "St Petersburg March op"]
[Site "St Petersburg"]
[Date "2009.04.01"]
[Round "3"]
[White "Malinicheva, Lidia"]
[Black "Kravtsov, Andrei"]
[Result "1-0"]
[WhiteElo "2024"]
[BlackElo "1971"]
[PlyCount "119"]
[EventDate "2009.03.30"]
[EventType "swiss"]
[EventRounds "9"]
[EventCountry "RUS"]
[SourceTitle "EXT 2012"]
[Source "ChessBase"]
[SourceDate "2011.11.24"]
[SourceVersion "1"]
[SourceVersionDate "2011.11.24"]
[SourceQuality "1"]

1. d4 Nf6 2. Nf3 g6 3. g3 Bg7 4. Bg2 0-0 5. Bg5 c5 6. c3 d5 7. 0-0 Ne4 8. Be3 Nd7 9. Nbd2 cxd4 10. Nxd4 Ndf6 11. Nxe4 Nxe4 12. Qc1 Re8 13. Rd1 Bd7 14. Nb3 e6 15. Bxe4 dxe4 16. Nc5 Re7 17. Qd2 Qe8 18. Nxe4 Bc6 19. Qc2 h6 20. Rd2 Bd5 21. c4 Rc7 22. Nc5 Bc6 23. Rad1 a6 24. Ne4 Bd5 25. Nc5 Bc6 26. b3 Rac8 27. Qb1 e5 28. Ne4 Qe6 29. f3 Qh3 30. Nf2 Qh5 31. Bb6 Re7 32. Rd8+ Rxd8 33. Bxd8 Bf6 34. Ng4 Bg5 35. Bxe7 Bxe7 36. Qb2 f6 37. b4 Kg7 38. b5 Bc5+ 39. Kg2 axb5 40. cxb5 Be8 41. Qc3 b6 42. a4 Qf5 43. Qd3 Qe6 44. Qd5 Qf5 45. e4 Qc8 46. Rc1 Bf7 47. Qc6 Qd8 48. Rxc5 bxc5 49. Qxc5 h5 50. Nf2 Qa5 51. Qe7 Qb6 52. g4 h4 53. g5 fxg5 54. Qxe5+ Kh7 55. Nh3 Qe3 56. Nxg5+ Kg8 57. Nxf7 Qe2+ 58. Kh3 Qxf3+ 59. Kxh4 Qxf7 60. Qd5 1-0